| 000 | 01628nam a22003857a 4500 | ||
|---|---|---|---|
| 001 | 000102009 | ||
| 003 | CHAP | ||
| 005 | 20220329143543.0 | ||
| 008 | 100520s2009 mx a r 00010 spa d | ||
| 010 | _a98472 | ||
| 011 | _a99444 | ||
| 035 | _a110130 | ||
| 040 | _cCHAP | ||
| 082 | 0 | 4 |
_a631.5 _bUa12 |
| 110 | 1 |
_aUACH. Departamento de Parasitología Agrícola _9115877 |
|
| 245 | 1 | 0 |
_aReporte del viaje de estudios efectuado, del 12 al 21 de agosto de 2009, por el grupo 5 de primer año de Preparatoria Agrícola, a la comunidad de Acopinalco del Peñon, Tlaxco, Tlaxcala; Jardín Botanico de Jalapa y a la comunidad de la Palma, Municipio de Martínez de la Torre Veracruz / _c/por UACH, Departamento de Preparatoria Agrícola, M.C. José Manuel Arceo Arceo. |
| 260 |
_aChapingo, Méx. : _bUACH. Departamento de Preparatoria Agrícola, _c2009. |
||
| 300 |
_a79 h. : _bilus. |
||
| 590 |
_aBATCH-UPD _b10 _c20130110 _lUCH01 _h0849 |
||
| 590 |
_aBATCH-UPD _b10 _c20130410 _lUCH01 _h0522 |
||
| 590 |
_aCONVERSION _b10 _c20130109 _lUCH01 _h1354 |
||
| 590 |
_aE11695DGD _b10 _c20141013 _lUCH01 _h1452 |
||
| 650 | 1 | 4 |
_aAgricultura _zTlaxcala. _91939 |
| 650 | 1 | 4 |
_aAgricultura _zVeracruz. _91941 |
| 650 | 1 | 4 |
_aComunidades rurales. _926254 |
| 650 | 1 | 4 |
_aPintura mural _zTlaxcala. _988316 |
| 651 |
_aVeracruz _xViajes de estudio _9128600 |
||
| 700 | 0 |
_aArceo Arceo, Jose Manuel. _96783 |
|
| 901 | _aBK | ||
| 911 | _aen proceso | ||
| 942 | _cLIBRO | ||
| 942 | _n0 | ||
| 949 |
_a631.5 Ua12 _bBC _cLIBRO _d33724002168553 _eLIBRO _fc.2 _gFotocopia _h112575 _i110130 _sb |
||
| 949 |
_a631.5 Ua12 _bBC _cUACH _d33724002168595 _eUACH _h112574 _i110130 _sb |
||
| 999 |
_c98472 _d98472 |
||